| 000 | 00889cam a2200289 i 4500 | ||
|---|---|---|---|
| 005 | 20260322212009.0 | ||
| 008 | data | ||
| 010 | _a 75011164 | ||
| 020 |
_a0873581512 : _c{dollar}40.00 |
||
| 020 |
_a9780873581516 : _c{dollar}40.00 |
||
| 040 |
_aDLC _cDLC _dDLC |
||
| 043 | _an-usp-- | ||
| 050 | 0 | 0 |
_aND237.C576 _bR43 |
| 082 | 0 | 0 | _a759.13 |
| 092 | _a759.13 R43 1976 | ||
| 100 | 1 | _aReed, Walt. | |
| 245 | 1 | 0 |
_aJohn Clymer : _ban artist's rendezvous with the frontier West / _cWalt Reed & John Clymer. |
| 250 | _a1st ed. | ||
| 260 |
_aFlagstaff : _bNorthland Press, _cc1976. |
||
| 300 |
_axvii, 141 p. : _bill. (some col.) ; _c26 x 30 cm. |
||
| 600 | 1 | 0 |
_aClymer, John, _d1907- |
| 651 | 0 |
_aWest (U.S.) _xIn art. |
|
| 700 | 1 |
_aClymer, John, _d1907- |
|
| 906 |
_a7 _bcbc _corignew _d2 _eocip _f19 _gy-gencatlg |
||
| 991 |
_bc-GenColl _hND237.C576 _iR43 _p00013997421 _tCopy 1 _wBOOKS |
||
| 001 | data | ||
| 999 |
_c165 _d165 |
||